[Event "Gibraltar ChallWk1 9th"]
[Site "Gibraltar"]
[Date "2011.01.24"]
[Round "1.1"]
[White "Knudsen, Jes West"]
[Black "Henriksson, Johan"]
[Result "0-1"]
[WhiteElo "2000"]
[BlackElo "2243"]
[PlyCount "138"]
[EventDate "2011.01.24"]
[EventType "swiss"]
[EventRounds "5"]
[EventCountry "GGB"]
[SourceTitle "BritBase"]
[Source "www.saund.co.uk"]
[SourceDate "2018.02.10"]
[SourceVersion "1"]
[SourceVersionDate "2018.02.10"]
[SourceQuality "1"]

1. e4 c6 2. d4 d5 3. f3 g6 4. Nc3 Bg7 5. Be3 h5 6. Qd2 a6 7. O-O-O b5 8. Kb1 e6
9. Nh3 Nd7 10. e5 Nb6 11. Bg5 Qc7 12. Qf2 b4 13. Ne2 a5 14. g4 Ba6 15. Nhf4 Bc8
16. Nh3 Ba6 17. Nhf4 hxg4 18. fxg4 c5 19. dxc5 Nd7 20. Nd4 Nxc5 21. Bxa6 Rxa6
22. Rhe1 Rb6 23. Nb3 Rc6 24. Qe2 Ne4 25. h4 Qxe5 26. Nd3 Qc7 27. Qg2 Nxg5 28.
Qxd5 Nh7 29. Qxa5 Qxa5 30. Nxa5 Ra6 31. Nb7 Rb6 32. Ndc5 Ngf6 33. g5 O-O 34.
gxf6 Nxf6 35. Rd6 Rxd6 36. Nxd6 Rd8 37. Nde4 Nxe4 38. Nxe4 Rd4 39. c3 bxc3 40.
bxc3 Rc4 41. Re3 f5 42. Nd6 Rxh4 43. Rxe6 Rg4 44. c4 Bf8 45. c5 Bxd6 46. Rxd6
Kf7 47. Kb2 Rc4 48. Rd7+ Ke6 49. Rd6+ Ke5 50. Rxg6 Rxc5 51. Rg8 f4 52. Rf8 Ke4
53. a4 f3 54. Kb3 Rf5 55. Re8+ Kd3 56. Rd8+ Ke2 57. Re8+ Kd2 58. Rd8+ Kc1 59.
Rc8+ Kb1 60. Rd8 Kc1 61. Rc8+ Kd2 62. Rd8+ Ke3 63. Re8+ Kd3 64. Rd8+ Ke2 65.
Re8+ Kf1 66. Rc8 Rf4 67. Rc1+ Kg2 68. a5 f2 69. a6 f1=Q 0-1

[Event "Gibraltar ChallWk1 9th"]
[Site "Gibraltar"]
[Date "2011.01.24"]
[Round "1.2"]
[White "Meskovs, Nikita"]
[Black "Sommerhalder, Eric"]
[Result "0-1"]
[WhiteElo "2243"]
[BlackElo "2000"]
[PlyCount "160"]
[EventDate "2011.01.24"]
[EventType "swiss"]
[EventRounds "5"]
[EventCountry "GGB"]
[SourceTitle "BritBase"]
[Source "www.saund.co.uk"]
[SourceDate "2018.02.10"]
[SourceVersion "1"]
[SourceVersionDate "2018.02.10"]
[SourceQuality "1"]

1. d4 d5 2. c4 c6 3. Nc3 Nf6 4. Nf3 e6 5. e3 Bd6 6. Bd3 dxc4 7. Bxc4 Nbd7 8.
O-O O-O 9. e4 e5 10. Bg5 Qc7 11. Bb3 exd4 12. Qxd4 Ng4 13. h3 Nh2 14. Nxh2
Bxh2+ 15. Kh1 Bf4 16. Bh4 h6 17. Rad1 g5 18. Bg3 Bxg3 19. fxg3 Qxg3 20. Rxf7
Rxf7 21. Rf1 Ne5 22. Bxf7+ Nxf7 23. Qf6 Qc7 24. Qg6+ Kf8 25. Qxh6+ Ke8 26. Qg6
Qe7 27. e5 Be6 28. Ne4 Kd7 29. Rf6 b6 30. Ng3 Rf8 31. Qd3+ Kc7 32. Nf5 Bxf5 33.
Qxf5 Nh6 34. Qf2 Rxf6 35. exf6 Qf8 36. Qg3+ Kd7 37. Qxg5 Ke6 38. Qe3+ Kxf6 39.
Qc3+ Kg6 40. Qxc6+ Qf6 41. Qe4+ Kg7 42. Qb7+ Qf7 43. Qa6 Qe7 44. Qb5 Nf7 45.
Qf1 Ng5 46. Qf5 Qf6 47. Qd7+ Qf7 48. Qd4+ Kg6 49. a4 Qf1+ 50. Kh2 Qe2 51. Qd6+
Kh5 52. Qf6 Qc2 53. b4 Qg6 54. Qf4 Qf7 55. Qd6 Qe6 56. Qc7 Qf7 57. Qd6 Ne6 58.
Qd5+ Kg6 59. a5 Qf4+ 60. Kh1 Kf6 61. axb6 axb6 62. b5 Qe5 63. Qc6 Qc5 64. Qf3+
Ke7 65. Qe2 Kd6 66. Qd3+ Nd4 67. Qg6+ Kd5 68. h4 Qxb5 69. h5 Qf1+ 70. Kh2 Qf4+
71. Kh1 Qh4+ 72. Kg1 Ne2+ 73. Kf1 Ng3+ 74. Kg1 Qh1+ 75. Kf2 Ne4+ 76. Kf3 Qf1+
77. Kg4 Qxg2+ 78. Kf4 Qxg6 79. hxg6 Nf6 80. Ke3 Kc4 {No further moves were
recorded.} 0-1

[Event "Gibraltar ChallWk1 9th"]
[Site "Gibraltar"]
[Date "2011.01.24"]
[Round "1.3"]
[White "Brookfield, Toby"]
[Black "Elishev, Ivan"]
[Result "0-1"]
[WhiteElo "1793"]
[BlackElo "2226"]
[PlyCount "86"]
[EventDate "2011.01.24"]
[EventType "swiss"]
[EventRounds "5"]
[EventCountry "GGB"]
[SourceTitle "BritBase"]
[Source "www.saund.co.uk"]
[SourceDate "2018.02.10"]
[SourceVersion "1"]
[SourceVersionDate "2018.02.10"]
[SourceQuality "1"]

1. e4 d5 2. exd5 Nf6 3. Nf3 Bg4 4. Be2 Qxd5 5. Nc3 Qh5 6. d4 Nc6 7. O-O O-O-O
8. Be3 e5 9. h3 exd4 10. Nxd4 Bxe2 11. Ncxe2 Nxd4 12. Nxd4 Qe5 13. Nf3 Qb5 14.
Qc1 h6 15. c4 Qf5 16. Qc3 Ne4 17. Qe5 Qxe5 18. Nxe5 Re8 19. Nf3 Bc5 20. Bxc5
Nxc5 21. Rfe1 Nd3 22. Rxe8+ Rxe8 23. Kf1 Nxb2 24. Rc1 c5 25. Rc2 Nd3 26. Rd2
Nb4 27. a3 Nc6 28. Rd5 b6 29. Nd2 Nd4 30. f3 f5 31. a4 Kc7 32. f4 Re3 33. a5 g5
34. fxg5 hxg5 35. Nf3 Nxf3 36. axb6+ axb6 37. gxf3 Rxf3+ 38. Kg2 g4 39. hxg4
fxg4 40. Rg5 Rf4 41. Rg7+ Kc6 42. Rg6+ Kb7 43. Rg7+ Ka6 0-1

[Event "Gibraltar ChallWk1 9th"]
[Site "Gibraltar"]
[Date "2011.01.24"]
[Round "1.4"]
[White "Zygouris, Hristos"]
[Black "Phillips, Owen S"]
[Result "1-0"]
[WhiteElo "2215"]
[BlackElo "1992"]
[PlyCount "45"]
[EventDate "2011.01.24"]
[EventType "swiss"]
[EventRounds "5"]
[EventCountry "GGB"]
[SourceTitle "BritBase"]
[Source "www.saund.co.uk"]
[SourceDate "2018.02.10"]
[SourceVersion "1"]
[SourceVersionDate "2018.02.10"]
[SourceQuality "1"]

1. c4 e6 2. g3 f5 3. Bg2 Nf6 4. Nf3 d6 5. O-O e5 6. d4 e4 7. Nh4 Be7 8. f3 O-O
9. Nc3 exf3 10. Bxf3 c6 11. d5 Qb6+ 12. Kh1 Ng4 13. Bxg4 Bxh4 14. gxh4 fxg4 15.
Rxf8+ Kxf8 16. Qd3 Kg8 17. Ne4 Bf5 18. Nf6+ gxf6 19. Qxf5 cxd5 20. Qxg4+ Kf7
21. cxd5 Qc5 22. Qe6+ Kg6 23. Be3 1-0

[Event "Gibraltar ChallWk1 9th"]
[Site "Gibraltar"]
[Date "2011.01.24"]
[Round "1.5"]
[White "Marder, Simon"]
[Black "Vogel, Jaap"]
[Result "1/2-1/2"]
[WhiteElo "1990"]
[BlackElo "2207"]
[PlyCount "58"]
[EventDate "2011.01.24"]
[EventType "swiss"]
[EventRounds "5"]
[EventCountry "GGB"]
[SourceTitle "BritBase"]
[Source "www.saund.co.uk"]
[SourceDate "2018.02.10"]
[SourceVersion "1"]
[SourceVersionDate "2018.02.10"]
[SourceQuality "1"]

1. d4 e6 2. e4 d5 3. Nc3 Bb4 4. e5 c5 5. a3 Bxc3+ 6. bxc3 Qa5 7. Bd2 Qa4 8. Nf3
b6 9. Be3 Ba6 10. Bd3 cxd4 11. Nxd4 Ne7 12. Qh5 Bxd3 13. cxd3 O-O 14. O-O Nd7
15. f4 Rac8 16. Bd2 Nc5 17. Rf3 f5 18. exf6 Rxf6 19. Rh3 h6 20. g4 Qe8 21. Qh4
Qg6 22. Qg3 Rcf8 23. Re1 Qf7 24. Qg2 g5 25. f5 exf5 26. Rxe7 Qxe7 27. Nxf5 Rxf5
28. gxf5 Rxf5 29. Rxh6 Qg7 1/2-1/2

[Event "Gibraltar ChallWk1 9th"]
[Site "Gibraltar"]
[Date "2011.01.24"]
[Round "1.6"]
[White "Jaunooby, Ali R"]
[Black "Lundback, Karl"]
[Result "1-0"]
[WhiteElo "2207"]
[BlackElo "1969"]
[PlyCount "73"]
[EventDate "2011.01.24"]
[EventType "swiss"]
[EventRounds "5"]
[EventCountry "GGB"]
[SourceTitle "BritBase"]
[Source "www.saund.co.uk"]
[SourceDate "2018.02.10"]
[SourceVersion "1"]
[SourceVersionDate "2018.02.10"]
[SourceQuality "1"]

1. d4 Nf6 2. c4 e6 3. Bg5 Bb4+ 4. Nc3 h6 5. Bh4 c5 6. d5 d6 7. f3 O-O 8. e4 e5
9. Bd3 Nbd7 10. Nge2 Re8 11. a3 Bxc3+ 12. Nxc3 Nf8 13. Bf2 Bd7 14. h4 a6 15. b4
b6 16. b5 axb5 17. cxb5 Qc7 18. Bc4 Nh5 19. g3 g6 20. Qd2 Kg7 21. Rg1 Nf6 22.
Be3 h5 23. Bh6+ Kh7 24. Bg5 Ng8 25. g4 f6 26. Be3 hxg4 27. fxg4 Kg7 28. h5 Kf7
29. hxg6+ Nxg6 30. Qh2 Nf4 31. Bxf4 exf4 32. Qxf4 Ke7 33. g5 Rf8 34. gxf6+ Nxf6
35. Rg7+ Rf7 36. Rxf7+ Kxf7 37. e5 1-0

[Event "Gibraltar ChallWk1 9th"]
[Site "Gibraltar"]
[Date "2011.01.24"]
[Round "1.7"]
[White "Christiansen, Johan-Sebastian"]
[Black "Urbina Perez, Juan Antonio"]
[Result "0-1"]
[WhiteElo "1955"]
[BlackElo "2189"]
[PlyCount "72"]
[EventDate "2011.01.24"]
[EventType "swiss"]
[EventRounds "5"]
[EventCountry "GGB"]
[SourceTitle "BritBase"]
[Source "www.saund.co.uk"]
[SourceDate "2018.02.10"]
[SourceVersion "1"]
[SourceVersionDate "2018.02.10"]
[SourceQuality "1"]

1. c4 Nf6 2. Nc3 e6 3. g3 d5 4. cxd5 exd5 5. d4 c6 6. Nf3 Bd6 7. Bg2 O-O 8. O-O
Re8 9. Be3 Bf5 10. Re1 Nbd7 11. Rc1 h6 12. h3 Nb6 13. g4 Bh7 14. Qb3 Rb8 15.
Nd2 Ne4 16. Ncxe4 Bxe4 17. f3 Bg6 18. Bf2 h5 19. Rc3 Qg5 20. e3 hxg4 21. hxg4
f5 22. gxf5 Bxf5 23. Kf1 Re7 24. e4 Qxd2 25. Be3 Nc4 26. Re2 Nxe3+ 27. Rcxe3
Qxd4 28. exf5 Bc5 29. Kf2 Rbe8 30. f6 Rxe3 31. f7+ Kxf7 32. Qxb7+ R8e7 33. Qxc6
Rxe2+ 34. Kg3 Qf2+ 35. Kf4 Qh4+ 36. Kf5 R2e5# 0-1

[Event "Gibraltar ChallWk1 9th"]
[Site "Gibraltar"]
[Date "2011.01.24"]
[Round "1.8"]
[White "Seyfried, Claus"]
[Black "Hauge, Lars Oskar"]
[Result "1/2-1/2"]
[WhiteElo "2173"]
[BlackElo "1942"]
[PlyCount "67"]
[EventDate "2011.01.24"]
[EventType "swiss"]
[EventRounds "5"]
[EventCountry "GGB"]
[SourceTitle "BritBase"]
[Source "www.saund.co.uk"]
[SourceDate "2018.02.10"]
[SourceVersion "1"]
[SourceVersionDate "2018.02.10"]
[SourceQuality "1"]

1. e4 c5 2. c3 d5 3. exd5 Qxd5 4. d4 e6 5. Nf3 Nf6 6. Na3 a6 7. Nc4 Qd8 8. Bg5
cxd4 9. Qxd4 Qxd4 10. Nxd4 Nbd7 11. Be2 b5 12. Na5 Bc5 13. O-O-O Nd5 14. Bf3
N7b6 15. Nab3 Bxd4 16. Rxd4 f6 17. Bd2 Kf7 18. Rd1 a5 19. Nc5 Ra7 20. Ne4 Rd7
21. Be3 Rhd8 22. Be2 Nxe3 23. fxe3 Rxd4 24. Rxd4 Rxd4 25. exd4 Ke7 26. g3 Bb7
27. Nc5 Bc6 28. Kd2 g5 29. Ke3 f5 30. Nb3 a4 31. Nd2 Kf6 32. Nf3 Nd7 33. Ne1 e5
34. d5 1/2-1/2

[Event "Gibraltar ChallWk1 9th"]
[Site "Gibraltar"]
[Date "2011.01.24"]
[Round "1.10"]
[White "Kandic, Milan"]
[Black "Helin, Mikael"]
[Result "0-1"]
[WhiteElo "2143"]
[BlackElo "1914"]
[PlyCount "80"]
[EventDate "2011.01.24"]
[EventType "swiss"]
[EventRounds "5"]
[EventCountry "GGB"]
[SourceTitle "BritBase"]
[Source "www.saund.co.uk"]
[SourceDate "2018.02.10"]
[SourceVersion "1"]
[SourceVersionDate "2018.02.10"]
[SourceQuality "1"]

1. e4 c5 2. Nf3 Nc6 3. d3 e5 4. Nc3 g6 5. Bg5 f6 6. Bh4 Bg7 7. Nd5 d6 8. h3
Nce7 9. c3 g5 10. Bg3 Nxd5 11. exd5 Ne7 12. Qb3 O-O 13. Be2 Ng6 14. O-O f5 15.
Rfe1 Rb8 16. a4 h5 17. Nd2 h4 18. Bh2 g4 19. Kh1 Bh6 20. Nc4 Kh7 21. d4 gxh3
22. gxh3 Nf4 23. Bxf4 Bxf4 24. Rg1 b6 25. Rad1 cxd4 26. cxd4 e4 27. Ne3 Bg3 28.
fxg3 hxg3 29. Qc2 Qh4 30. Rg2 f4 31. Qxe4+ Kh8 32. Ng4 Qxh3+ 33. Nh2 Bd7 34.
Rf1 Rbe8 35. Qg6 Bf5 36. Qg5 Be4 37. Qh5+ Qxh5 38. Bxh5 Bxg2+ 39. Kxg2 Re3 40.
Nf3 Re2+ 0-1

[Event "Gibraltar ChallWk1 9th"]
[Site "Gibraltar"]
[Date "2011.01.24"]
[Round "1.11"]
[White "Georgieva, Emilia"]
[Black "Osuna Vega, Enrique"]
[Result "1/2-1/2"]
[WhiteElo "1907"]
[BlackElo "2140"]
[PlyCount "61"]
[EventDate "2011.01.24"]
[EventType "swiss"]
[EventRounds "5"]
[EventCountry "GGB"]
[SourceTitle "BritBase"]
[Source "www.saund.co.uk"]
[SourceDate "2018.02.10"]
[SourceVersion "1"]
[SourceVersionDate "2018.02.10"]
[SourceQuality "1"]

1. d4 d6 2. Nf3 Nf6 3. Bg5 Nbd7 4. e3 e5 5. Nbd2 Be7 6. c3 e4 7. Ng1 O-O 8. Qc2
d5 9. Be2 Ne8 10. Bf4 c6 11. g4 Nc7 12. O-O-O Ne6 13. Bg3 c5 14. f3 cxd4 15.
exd4 b6 16. fxe4 Bb7 17. Qd3 dxe4 18. Nxe4 Ng5 19. Bf3 Nxf3 20. Nxf3 b5 21. h4
Bd5 22. Nfg5 Re8 23. Be5 f6 24. Nxf6+ Nxf6 25. Bxf6 Bxf6 26. Qxh7+ Kf8 27. Rhf1
Qd6 28. Qf5 Kg8 29. Qh7+ Kf8 30. Qf5 Kg8 31. Qh7+ 1/2-1/2

[Event "Gibraltar ChallWk1 9th"]
[Site "Gibraltar"]
[Date "2011.01.24"]
[Round "1.12"]
[White "Siegmund, Rainer"]
[Black "Messam-Sparks, Lateefah"]
[Result "1-0"]
[WhiteElo "2133"]
[BlackElo "2062"]
[PlyCount "103"]
[EventDate "2011.01.24"]
[EventType "swiss"]
[EventRounds "5"]
[EventCountry "GGB"]
[SourceTitle "BritBase"]
[Source "www.saund.co.uk"]
[SourceDate "2018.02.10"]
[SourceVersion "1"]
[SourceVersionDate "2018.02.10"]
[SourceQuality "1"]

1. d4 d5 2. c4 e6 3. Nc3 Be7 4. Nf3 c6 5. Bf4 Nf6 6. e3 Nbd7 7. Qc2 Nh5 8. Bg3
Qa5 9. cxd5 exd5 10. Bd3 Nxg3 11. hxg3 Nf6 12. a3 h6 13. O-O a6 14. b4 Qd8 15.
Rab1 Bd6 16. Rfe1 O-O 17. Nh4 Re8 18. Bf5 Bxf5 19. Nxf5 Ne4 20. Nxe4 Rxe4 21.
Nxd6 Qxd6 22. Qc5 Qd7 23. a4 Rc8 24. Rec1 Ree8 25. Qc2 g6 26. Qd3 b5 27. Rc5
Kg7 28. Rbc1 Re6 29. Qc2 Qe7 30. Qd2 Qb7 31. Qc3 Qe7 32. Qa3 Qb7 33. R1c3 Rd6
34. Qb2 Rb8 35. Ra3 Re6 36. Qa1 Qe7 37. Qc3 Qd7 38. Ra1 Qb7 39. axb5 cxb5 40.
Qb3 Rd6 41. Rac1 Rd7 42. Rc6 Re8 43. R1c5 Re6 44. Rc8 Red6 45. Qc3 Re6 46. R8c7
Rxc7 47. Rxc7 Qb6 48. Rc8 Qd6 49. Rc5 Qb6 50. Rxd5 Rc6 51. Rc5 Rf6 52. d5 1-0

[Event "Gibraltar ChallWk1 9th"]
[Site "Gibraltar"]
[Date "2011.01.24"]
[Round "1.13"]
[White "Wright, Jonathan"]
[Black "Vinas Guerrero, Carlos A"]
[Result "0-1"]
[WhiteElo "1895"]
[BlackElo "2121"]
[PlyCount "74"]
[EventDate "2011.01.24"]
[EventType "swiss"]
[EventRounds "5"]
[EventCountry "GGB"]
[SourceTitle "BritBase"]
[Source "www.saund.co.uk"]
[SourceDate "2018.02.10"]
[SourceVersion "1"]
[SourceVersionDate "2018.02.10"]
[SourceQuality "1"]

1. e4 e5 2. Nf3 d6 3. d4 exd4 4. Nxd4 Nf6 5. Nc3 Be7 6. Bf4 O-O 7. Be2 Re8 8.
g4 d5 9. Ndb5 Bb4 10. f3 Na6 11. g5 Nh5 12. Be3 c6 13. Nd4 c5 14. Nb3 d4 15.
Bd2 dxc3 16. bxc3 Ba3 17. O-O g6 18. Qe1 Bh3 19. Rf2 Qc7 20. Bb5 Bd7 21. Bxd7
Qxd7 22. Rd1 Rad8 23. Rf1 Qe6 24. Qf2 Qe5 25. Na5 c4 26. Nxc4 Bc5 27. Nxe5
Bxf2+ 28. Kxf2 Rxe5 29. Be3 Ree8 30. Rd4 Ng7 31. Rfd1 Rc8 32. R4d3 Ne6 33. h4
Nac5 34. Rd5 b6 35. a4 Nxa4 36. Ra1 Nxc3 37. Rd7 Nb5 0-1

[Event "Gibraltar ChallWk1 9th"]
[Site "Gibraltar"]
[Date "2011.01.24"]
[Round "1.14"]
[White "Carlsten, Peter"]
[Black "Jorgensen, Line Jin"]
[Result "1/2-1/2"]
[WhiteElo "2110"]
[BlackElo "1892"]
[PlyCount "113"]
[EventDate "2011.01.24"]
[EventType "swiss"]
[EventRounds "5"]
[EventCountry "GGB"]
[SourceTitle "BritBase"]
[Source "www.saund.co.uk"]
[SourceDate "2018.02.10"]
[SourceVersion "1"]
[SourceVersionDate "2018.02.10"]
[SourceQuality "1"]

1. e4 c5 2. Nf3 d6 3. d4 cxd4 4. Nxd4 Nf6 5. Nc3 g6 6. Be3 Bg7 7. Bc4 O-O 8.
Bb3 Ng4 9. Nd5 Nxe3 10. Nxe3 Nc6 11. c3 Bd7 12. Nf3 h6 13. O-O Kh7 14. Kh1 Rc8
15. Qe2 a6 16. Rfe1 b5 17. a3 Na5 18. Ba2 e6 19. Rad1 Qe7 20. Qd2 Nb7 21. Nd4
Rfd8 22. f3 Be8 23. Qe2 Rc5 24. Qf2 Rh5 25. Ne2 Rc5 26. Nf4 Rcc8 27. Ne2 Nc5
28. Nd4 Qb7 29. Qd2 Qe7 30. Qf2 Na4 31. Rd2 Nc5 32. Red1 h5 33. Bb1 Bh6 34. Re2
Qg5 35. Rf1 e5 36. Ndc2 Nd3 37. Qg1 Nxb2 38. Nb4 Nc4 39. Nxc4 Rxc4 40. Nd5 Bc6
41. Qa7 Bxd5 42. exd5 Rxc3 43. Qxf7+ Bg7 44. f4 Qf6 45. Qb7 Rdc8 46. Qxa6 R8c7
47. Qxb5 exf4 48. Re6 Qd4 49. Bxg6+ Kg8 50. Re8+ Bf8 51. Rxf8+ Kxf8 52. Qe8+
Kg7 53. Bxh5 Rc1 54. Qg6+ Kf8 55. Qe8+ Kg7 56. Qg6+ Kf8 57. Qe8+ 1/2-1/2

[Event "Gibraltar ChallWk1 9th"]
[Site "Gibraltar"]
[Date "2011.01.24"]
[Round "1.15"]
[White "Annetts, Ivor S"]
[Black "Dasaolu, Adeoye"]
[Result "1/2-1/2"]
[WhiteElo "1890"]
[BlackElo "2107"]
[PlyCount "70"]
[EventDate "2011.01.24"]
[EventType "swiss"]
[EventRounds "5"]
[EventCountry "GGB"]
[SourceTitle "BritBase"]
[Source "www.saund.co.uk"]
[SourceDate "2018.02.10"]
[SourceVersion "1"]
[SourceVersionDate "2018.02.10"]
[SourceQuality "1"]

1. e4 c5 2. c3 Nf6 3. e5 Nd5 4. d4 e6 5. Nf3 Nc6 6. c4 Nb6 7. d5 Ne7 8. d6 Ng6
9. Nc3 a6 10. Ne4 f6 11. exf6 gxf6 12. Be3 Bg7 13. Bd3 Nxc4 14. Bxc4 b5 15.
Bxe6 dxe6 16. Nxc5 Bd7 17. Nd4 Kf7 18. Ndxe6 Bxe6 19. Nxe6 Kxe6 20. Qb3+ Kf5
21. g4+ Kxg4 22. Qe6+ f5 23. f3+ Kh4 24. Bf2+ Kh5 25. Qxf5+ Qg5 26. Qh3+ Nh4
27. Rg1 Qe5+ 28. Kf1 Bf6 29. Qg4+ Kh6 30. Re1 Rhg8 31. Be3+ Qxe3 32. Rxe3 Rxg4
33. Rxg4 Ng6 34. Rge4 Rd8 35. Rd3 Kg7 {The remainder of the scoresheet is
illegible.} 1/2-1/2

[Event "Gibraltar ChallWk1 9th"]
[Site "Gibraltar"]
[Date "2011.01.24"]
[Round "1.16"]
[White "Havik, Victor"]
[Black "Winkler, Stefan"]
[Result "1-0"]
[WhiteElo "2107"]
[BlackElo "1867"]
[PlyCount "75"]
[EventDate "2011.01.24"]
[EventType "swiss"]
[EventRounds "5"]
[EventCountry "GGB"]
[SourceTitle "BritBase"]
[Source "www.saund.co.uk"]
[SourceDate "2018.02.10"]
[SourceVersion "1"]
[SourceVersionDate "2018.02.10"]
[SourceQuality "1"]

1. d4 d5 2. c4 c6 3. Nc3 Nf6 4. Nf3 e6 5. Qc2 dxc4 6. a4 Na6 7. g3 Qa5 8. Bd2
Nb4 9. Qb1 Be7 10. Bg2 O-O 11. Ne5 Rd8 12. e3 a6 13. Nxc4 Qh5 14. Ne2 g5 15. h4
c5 16. e4 Qg6 17. hxg5 Ne8 18. Nb6 Rb8 19. Bf4 cxd4 20. Bxb8 d3 21. Nc3 Nc2+
22. Kf1 Qxg5 23. Bf4 Qc5 24. Nxc8 Rxc8 25. Bf3 Qc4 26. Kg2 Nxa1 27. Qxa1 Rd8
28. Qg1 Bf6 29. e5 Bg7 30. Qh2 Qb3 31. Qxh7+ Kf8 32. Bh6 Bxh6 33. Qxh6+ Ke7 34.
Rd1 Rd4 35. Qe3 Qc4 36. Ne4 Rd7 37. Qg5+ Kf8 38. Rh1 1-0

[Event "Gibraltar ChallWk1 9th"]
[Site "Gibraltar"]
[Date "2011.01.24"]
[Round "1.19"]
[White "Salomon, Johan"]
[Black "Montabord, Manuel"]
[Result "1-0"]
[WhiteElo "1836"]
[BlackElo "2063"]
[PlyCount "79"]
[EventDate "2011.01.24"]
[EventType "swiss"]
[EventRounds "5"]
[EventCountry "GGB"]
[SourceTitle "BritBase"]
[Source "www.saund.co.uk"]
[SourceDate "2018.02.10"]
[SourceVersion "1"]
[SourceVersionDate "2018.02.10"]
[SourceQuality "1"]

1. e4 c6 2. Nc3 d5 3. Nf3 Bg4 4. h3 Bxf3 5. Qxf3 e6 6. d3 d4 7. Ne2 c5 8. g3
Nc6 9. Nf4 Nf6 10. Bg2 e5 11. Nd5 Nxd5 12. exd5 Nb4 13. Qe2 Bd6 14. a3 Na6 15.
Qg4 O-O 16. Be4 g6 17. Qe2 f5 18. Bf3 Nc7 19. h4 Re8 20. Bg5 Be7 21. Bxe7 Rxe7
22. h5 Nxd5 23. hxg6 hxg6 24. O-O-O Nf6 25. Qd2 e4 26. dxe4 Nxe4 27. Bxe4 fxe4
28. Rh6 Re6 29. Rdh1 Qf6 30. Rh7 Re7 31. Qh6 Rae8 32. Rh4 e3 33. Rh8+ Kf7 34.
Rf4 e2 35. Rf8+ Rxf8 36. Rxf6+ Ke8 37. Rxf8+ Kd7 38. Qh3+ Kc7 39. Qc8+ Kb6 40.
Qd8+ 1-0

[Event "Gibraltar ChallWk1 9th"]
[Site "Gibraltar"]
[Date "2011.01.24"]
[Round "1.20"]
[White "Jameson, David"]
[Black "Hegvik, Leif Trygve"]
[Result "1-0"]
[WhiteElo "2054"]
[BlackElo "1814"]
[PlyCount "85"]
[EventDate "2011.01.24"]
[EventType "swiss"]
[EventRounds "5"]
[EventCountry "GGB"]
[SourceTitle "BritBase"]
[Source "www.saund.co.uk"]
[SourceDate "2018.02.10"]
[SourceVersion "1"]
[SourceVersionDate "2018.02.10"]
[SourceQuality "1"]

1. c4 e5 2. Nc3 Nf6 3. g3 d5 4. cxd5 Nxd5 5. Bg2 Nb6 6. Nf3 Nc6 7. O-O Be7 8.
d3 O-O 9. a3 Be6 10. b4 f6 11. Bb2 a5 12. b5 Nd4 13. Nxd4 exd4 14. Na4 Bd5 15.
Nxb6 cxb6 16. Bxd5+ Qxd5 17. Qa4 Rad8 18. Rac1 f5 19. Qc4 Bc5 20. a4 Rfe8 21.
Qxd5+ Rxd5 22. Rc2 Rd7 23. Rfc1 Kf7 24. Kf1 Rde7 25. Rc4 Rxe2 26. Bxd4 Rd2 27.
Bxc5 bxc5 28. Rxc5 Kf6 29. R1c2 Rxd3 30. Rc7 Re7 31. Rxe7 Kxe7 32. Ke2 Rd7 33.
Ke3 Ke6 34. h4 h6 35. h5 Kf6 36. Rc4 Ke5 37. Rc5+ Kf6 38. Rc8 Re7+ 39. Kd3 b6
40. Rc6+ Re6 41. Kc4 Ke5 42. f4+ Kf6 43. Kd5 1-0

[Event "Gibraltar ChallWk1 9th"]
[Site "Gibraltar"]
[Date "2011.01.24"]
[Round "1.21"]
[White "Flanagan, Samuel"]
[Black "Hamer, Martyn"]
[Result "1-0"]
[WhiteElo "1776"]
[BlackElo "2041"]
[PlyCount "89"]
[EventDate "2011.01.24"]
[EventType "swiss"]
[EventRounds "5"]
[EventCountry "GGB"]
[SourceTitle "BritBase"]
[Source "www.saund.co.uk"]
[SourceDate "2018.02.10"]
[SourceVersion "1"]
[SourceVersionDate "2018.02.10"]
[SourceQuality "1"]

1. e4 e5 2. Nf3 Nf6 3. d4 Nxe4 4. Bd3 d5 5. Nxe5 Nd7 6. Nxd7 Bxd7 7. O-O Qh4 8.
g3 Qh3 9. Qf3 O-O-O 10. Qg2 Qh5 11. Re1 Bh3 12. Qh1 Bg4 13. Qg2 Bd6 14. Nd2 Ng5
15. f4 Bf3 16. Bf5+ Kb8 17. Qf2 Rhe8 18. fxg5 Rxe1+ 19. Qxe1 f6 20. Qf2 Be2 21.
gxf6 gxf6 22. Nf1 Re8 23. Bd2 Bxf1 24. Kxf1 Bxg3 25. Qxg3 Qxf5+ 26. Bf4 Qxc2
27. Qc3 Qe2+ 28. Kg1 Ka8 29. Bg3 c6 30. Re1 Qh5 31. Rxe8+ Qxe8 32. Qe1 Qd7 33.
Qf2 Qd8 34. Qf5 Qh8 35. Bh4 Qe8 36. Qxf6 Qe3+ 37. Bf2 Qc1+ 38. Kg2 a6 39. Qf8+
Ka7 40. Qc5+ Qxc5 41. dxc5 Kb8 42. Kf3 Kc7 43. Kf4 Kd7 44. Ke5 Ke7 45. Bd4 1-0

[Event "Gibraltar ChallWk1 9th"]
[Site "Gibraltar"]
[Date "2011.01.24"]
[Round "1.22"]
[White "Haga, Halvor"]
[Black "Haddock, Paul"]
[Result "1-0"]
[WhiteElo "2024"]
[BlackElo "1757"]
[PlyCount "69"]
[EventDate "2011.01.24"]
[EventType "swiss"]
[EventRounds "5"]
[EventCountry "GGB"]
[SourceTitle "BritBase"]
[Source "www.saund.co.uk"]
[SourceDate "2018.02.10"]
[SourceVersion "1"]
[SourceVersionDate "2018.02.10"]
[SourceQuality "1"]

1. e4 c5 2. Nf3 d6 3. g3 Nc6 4. Bg2 Nf6 5. d3 g6 6. O-O Bg7 7. c3 O-O 8. Re1
Bg4 9. h3 Bxf3 10. Qxf3 Rc8 11. a4 Re8 12. Nd2 Nd7 13. h4 Nde5 14. Qe2 h5 15.
Bh3 Rb8 16. f4 Nd7 17. Nf3 e6 18. Be3 b5 19. g4 hxg4 20. Bxg4 Nf6 21. Bh3 b4
22. f5 exf5 23. exf5 Nd5 24. fxg6 fxg6 25. Bg5 Rxe2 26. Bxd8 Rxe1+ 27. Rxe1
Rxd8 28. Be6+ Kh7 29. Ng5+ Kh6 30. Nf7+ Kh5 31. Bxd5 Rd7 32. Kg2 Ne5 33. Ng5
Kxh4 34. Ne4 Rd8 35. Be6 1-0

[Event "Gibraltar ChallWk1 9th"]
[Site "Gibraltar"]
[Date "2011.01.24"]
[Round "1.23"]
[White "Rough, Robert E"]
[Black "Zanetti, Bruno"]
[Result "0-1"]
[WhiteElo "1742"]
[BlackElo "2017"]
[PlyCount "82"]
[EventDate "2011.01.24"]
[EventType "swiss"]
[EventRounds "5"]
[EventCountry "GGB"]
[SourceTitle "BritBase"]
[Source "www.saund.co.uk"]
[SourceDate "2018.02.10"]
[SourceVersion "1"]
[SourceVersionDate "2018.02.10"]
[SourceQuality "1"]

1. e4 c5 2. Nc3 Nc6 3. f4 e6 4. Nf3 d5 5. Bb5 dxe4 6. Nxe4 Bd7 7. O-O a6 8.
Bxc6 Bxc6 9. d3 Be7 10. Be3 Rc8 11. Ne5 Bxe4 12. dxe4 Qxd1 13. Raxd1 Nf6 14. f5
exf5 15. exf5 O-O 16. Nd7 Rfd8 17. Nxf6+ Bxf6 18. c3 Re8 19. Rfe1 Re5 20. g4
Rce8 21. Bf2 Rxe1+ 22. Rxe1 Rxe1+ 23. Bxe1 c4 24. h4 Kf8 25. Kg2 Ke7 26. Kf3
Kd6 27. Ke4 Be5 28. Bf2 f6 29. Be3 h6 30. h5 b5 31. Bd2 b4 32. cxb4 Bxb2 33.
Bf4+ Kc6 34. a4 Bc3 35. b5+ axb5 36. axb5+ Kxb5 37. Bc1 Bb4 38. Kd5 Be1 39. Ke6
c3 40. Kf7 Bd2 41. Kxg7 Bxc1 0-1